000 00265nam a22001217a 4500
020 _a08-013288-X
082 _a621.31924 MIL'P
100 _aMILLER, H. A
_977944
245 _aPRACTICAL WIRING
250 _aVOL-1
260 _aLONDON
_bPERGMAN
_c1969
942 _cBK
999 _c583375
_d583375